| 000 | 00503nam a2200181 a 4500 | ||
|---|---|---|---|
| 001 | 3894 | ||
| 005 | 20140414131934.0 | ||
| 008 | 970101s19uu xx 00 eng d | ||
| 020 | _a0-8094-7329-1 | ||
| 050 |
_aREF 507.8 _bCh34 2004 |
||
| 245 |
_aSimple experiments / _ceditor C. E. Berry. |
||
| 260 |
_aHong Kong : _bTime-Life Books, _c1994. |
||
| 300 | _a87 p. ; cm. | ||
| 440 | _aA Child's first library of learning | ||
| 650 |
_aScience _xExperiments. |
||
| 650 | _aExperiments. | ||
| 999 |
_c112375 _d112375 |
||